If the Boroughs of London were Cities - Statistics

General Stats
  • This quiz has been taken 77 times
  • The average score is 10 of 20
Answer Stats
Population City % Correct
387 k Croydon
69%
1.09 mil Birmingham
66%
503 k Manchester
63%
396 k Barnet
61%
466 k Liverpool
61%
751 k Leeds
59%
326 k Lambeth
58%
330 k Brent
55%
332 k Bromley
53%
319 k Southwark
53%
428 k Bristol
52%
342 k Ealing
52%
334 k Enfield
52%
553 k Sheffield
52%
325 k Tower Hamlets
50%
353 k Newham
48%
330 k Wandsworth
48%
330 k Leicester
41%
522 k Bradford
34%
326 k Wakefield
9%
No matching quizzes found
Score Distribution
Percent of People with Each Score
Percentile by Number Answered
Your Score History
You have not taken this quiz